| 000 | 00528 a2200169 4500 | ||
|---|---|---|---|
| 001 | 066712 | ||
| 003 | OSt | ||
| 005 | 20211006114217.0 | ||
| 008 | |||
| 082 |
_a658.8 _bK14M |
||
| 100 | 1 | _aKarunakaran, K. | |
| 245 | 1 |
_aMarketing management _cby K. Karunakaran |
|
| 260 |
_aMumbai _bHimalaya Publishing _c2010 |
||
| 300 | _a427p. | ||
| 690 | _aMarketing--Management; Consumer behavior; Internet marketing; Marketing; Market surveys; Marketing--Management--Computer simulation | ||
| 942 |
_2ddc _cBK |
||
| 999 |
_c727 _d727 |
||